| 000 | 00416nam a22001457a 4500 | ||
|---|---|---|---|
| 008 | 131122b xxu||||| |||| 00| 0 eng d | ||
| 050 | _aSPC DT776.R4.R6 | ||
| 100 |
_aRoberts, Brian _93678 |
||
| 245 | _aCecil Rhodes and the princess | ||
| 260 |
_aLondon _bHamish Hamilton _c1969 |
||
| 300 |
_a405p. _c21cm |
||
| 600 |
_aBadziwill, Ekaterina _97471 |
||
| 600 |
_aRhodes, Cecil John; _97472 |
||
| 942 |
_2lcc _cREFERENCE |
||
| 999 |
_c118639 _d118639 |
||